| 000 | 00979cam a22002535a 4500 | ||
|---|---|---|---|
| 001 | L148608 | ||
| 008 | 091013s2009 xxk f 000 0 eng d | ||
| 020 | _a9781853286940 | ||
| 035 | _a(Sirsi) u148608 | ||
| 041 | 0 | _aeng | |
| 050 | 0 | 4 | _a346.4104346 $2 18 |
| 100 | 1 | _aKennedy, Kevin | |
| 245 | 0 | 0 |
_aNeighbour disputes _blaw and practice |
| 260 |
_aLondon _bLaw Society _c2009 |
||
| 300 |
_axxiv, 214p. _c24cm. |
||
| 350 | _a59.95 | ||
| 520 | _aDiscusses the most common types of disputes between neighbours and examines how to resolve them and get redress. Includes discussion of boundary and party wall issues, as well as easements, covenants, access to neighbouring land, trespass, adverse possession, nuisance, planning permission and anti-social behaviour. | ||
| 521 | _aAdvanced | ||
| 590 | _aKA | ||
| 651 | 4 | _aEngland and Wales | |
| 690 |
_aBoundary disputes _96221 |
||
| 690 | _aPROPERTY-RESIDENTIAL PROPERTY-DOMESTIC RESIDENTIAL PROPERTY | ||
| 942 |
_n0 _2ddc |
||
| 999 |
_c110128 _d110128 |
||